000 00362nam a2200145 i 4500
001 bg
100 1 _aROSSET, Edward.
245 0 _aDemografia Polski.
_nCz. 2,
_pReprodukcja ludnoĊ›ci /
_cE. Rosset.
260 _aWarszawa,
_c1975.
650 9 _aDemografia
_zPolska
040 _cBPK
041 _apol
942 _cKS
008 s pl f |000 0 pol
999 _c23462
_d23462
856 _uhttp://koha.tu.koszalin.pl/cgi-bin/koha/opac-detail.pl?biblionumber=23462
_yKatalog online BPK